Discurso leido / (Record no. 77368)

MARC details
000 -LEADER
campo de control de longitud fija 00725nam a2200193 i 4500
001 - NÚMERO DE CONTROL
campo de control 77368
003 - IDENTIFICADOR DE NÚMERO DE CONTROL
campo de control ES-MaACL
005 - FECHA Y HORA DE LA ÚLTIMA TRANSACCIÓN
campo de control 20230906173159.0
007 - CAMPO FIJO DE DESCRIPCIÓN FÍSICA--INFORMACIÓN GENERAL
campo de control de longitud fija t|
008 - DATOS DE LONGITUD FIJA--INFORMACIÓN GENERAL
campo de control de longitud fija 041008s1901 sp ||||1| spa d
100 1# - ENTRADA PRINCIPAL--NOMBRE DE PERSONA
Nombre de persona Gutiérrez de la Peña y Quiroga, Ramón.
9 (RLIN) 61121
245 10 - MENCIÓN DEL TÍTULO
Título Discurso leido /
Mención de responsabilidad, etc. por...Ramón Gutiérrez de la Peña y Quiroga.
260 ## - PUBLICACIÓN, DISTRIBUCIÓN, ETC.
Lugar de publicación, distribución, etc. [s.l. :
Nombre del editor, distribuidor, etc. s.n.],
Fecha de publicación, distribución, etc. 1901 (
Fabricante Tip. de El Eco de Santiago)
300 ## - DESCRIPCIÓN FÍSICA
Extensión 43 p. ;
Dimensiones 29 cm.
500 ## - NOTA GENERAL
Nota general Tema: Cuestión económica-social en nuestro tiempo.
594 ## - Nota al título y mención de responsabilidad
Nota al título y mención de responsabilidad Precede al tít.: Universidad Literaria de Santiago, Curso académico de 1901 á 1902.
710 2# - ENTRADA AGREGADA--NOMBRE DE ENTIDAD CORPORATIVA
Nombre de entidad corporativa o nombre de jurisdicción como elemento de entrada Universidad Literaria de Santiago de Compostela.
9 (RLIN) 135006
852 ## - LOCALIZACIÓN
Ubicación ES-MaACL
Número de control de estantería T-1023-F-10
Holdings
Estatus retirado Estado de pérdida Estado de daño No para préstamo Colección Biblioteca de origen Biblioteca actual Ubicación en estantería Fecha de adquisición Fuente de adquisición Total de préstamos Signatura topográfica completa Código de barras Visto por última vez Precio de reemplazo Tipo de ítem Koha
        Colección de folletos Biblioteca del Ateneo de Madrid Biblioteca del Ateneo de Madrid Depósito folletos 17/01/2008     T-1023-F-10 1080949 23/02/2023 23/02/2023 Folleto